01004cam a22002775a 4500999001700000001000800017005001700025008004100042010001700083020001500100020001800115040003300133082001900166100002100185245008200206260008000288300003400368490004000402504005100442650003300493651001000526653003000536655001700566942000800583952013500591 c27220d27191396214020190307131731.0941011t1995 enka frbs 001 0 eng d a 94040610  a1858982073 a9781858982076 aDLCbengcDLCdDLCdEG-ScBUE04a338.9bTHI2221 aThirlwall, A. P.14aThe economics of growth and development :bselected essays of A. P. Thirwall. aAldershot, Hants, England ;aBrookfield, Vt., USA :bEdward Elgar,cc.1995. axxx, 331 p. :bill. ;c24 cm.0 aEconomists of the twentieth century aIncludes bibliographical references and index. 7aEconomic development.2BUEsh 2BUEsh bLLAAWWbBUSECOcMarch2019 vReading book 2ddc 00102ddc40708BaccahaMAINbMAINc1STd2019-03-07ePurchaseg1150.00l0o338.9 THIp000044350r2022-08-24 00:00:00v1437.50yBB